Globalización y migración internacional: la experiencia latinoamericana /
Este artículo presenta estimaciones econométricas de los patrones migratorios hacia y desde Argentina en el siglo XX y analiza los determinantes de los flujos migratorios internacionales en América Latina en general, incluyendo los patrones de inmigración intraregional, particularmente entre países...
সংরক্ষণ করুন:
| প্রধান লেখক: | |
|---|---|
| বিন্যাস: | পাঠ্য |
| বিষয়গুলি: | |
| ট্যাগগুলো: |
ট্যাগ যুক্ত করুন
কোনো ট্যাগ নেই, প্রথমজন হিসাবে ট্যাগ করুন!
|
MARC
| LEADER | 00000 a a2200000 04500 | ||
|---|---|---|---|
| 001 | 15971 | ||
| 003 | |||
| 040 | |||
| 100 | |a Solimano, Andrés | ||
| 245 | |a Globalización y migración internacional: |b la experiencia latinoamericana / |c Andrés Solimano | ||
| 520 | |a Este artículo presenta estimaciones econométricas de los patrones migratorios hacia y desde Argentina en el siglo XX y analiza los determinantes de los flujos migratorios internacionales en América Latina en general, incluyendo los patrones de inmigración intraregional, particularmente entre países limítrofes. SOLIMANO/RandallRA | ||
| 650 | |a MIGRACION INTERNACIONAL | ||
| 650 | |a ANALISIS HISTORICO | ||
| 650 | |a DESARROLLO ECONOMICO Y SOCIAL | ||
| 650 | |a GLOBALIZACION | ||
| 650 | |a MIGRACION INTERNACIONAL | ||
| 650 | |a PRODUCTO INTERNO BRUTO | ||
| 650 | |a EXTRANJEROS | ||
| 650 | |a REMESAS | ||
| 650 | |a ANALISIS ECONOMETRICO | ||
| 773 | |g número 80; páginas 55-72 | ||
| 999 | |c 23170 |d 23170 | ||
